[Event "Dublin St Andrews op-B"]
[Site "Dublin"]
[Date "2019.09.22"]
[Round "5"]
[White "Haque, Mustakim Ul"]
[Black "Collins, Adam"]
[Result "1/2-1/2"]
[WhiteElo "1877"]
[BlackElo "1712"]
[PlyCount "40"]
[EventDate "2019.09.20"]
[EventType "swiss"]
[EventRounds "6"]
[EventCountry "IRL"]
[SourceTitle "EXT 2020"]
[Source "ChessBase"]
[SourceDate "2019.10.17"]
[SourceVersion "1"]
[SourceVersionDate "2019.10.17"]
[SourceQuality "1"]

1. c4 e5 2. Nc3 Bb4 3. Nd5 Bc5 4. e3 Nf6 5. Nxf6+ Qxf6 6. d3 0-0 7. Rb1 Nc6 8. Bd2 a5 9. a3 a4 10. Ne2 Ne7 11. Nc3 Qc6 12. Ne4 Bb6 13. Bb4 d6 14. Qd2 f5 15. Nc3 f4 16. e4 f3 17. g3 Qe8 18. Nd5 Nxd5 19. cxd5 Bd7 20. h4 Qh5 1/2-1/2

[Event "IRL-ch"]
[Site "Dublin"]
[Date "2019.08.07"]
[Round "5"]
[White "O'Gorman, Alice"]
[Black "Haque, Mustakim Ul"]
[Result "0-1"]
[WhiteElo "1966"]
[BlackElo "1947"]
[PlyCount "90"]
[EventDate "2019.08.03"]
[EventType "swiss"]
[EventRounds "9"]
[EventCountry "IRL"]
[SourceTitle "CBM 191 Extra"]
[Source "ChessBase"]
[SourceDate "2019.09.30"]
[SourceVersion "1"]
[SourceVersionDate "2019.09.30"]
[SourceQuality "1"]

1. e4 c6 2. d4 d5 3. e5 Bf5 4. Nf3 e6 5. Be2 c5 6. 0-0 Nc6 7. a3 cxd4 8. Nxd4 Nge7 9. g4 Bg6 10. f4 Qb6 11. c3 Rc8 12. b4 Nxd4 13. Qxd4 Bxb1 14. Qxb6 axb6 15. Rxb1 Rxc3 16. Bb2 Re3 17. Bb5+ Nc6 18. Rbc1 Kd7 19. f5 Be7 20. fxe6+ fxe6 21. Rf7 Rg8 22. Rc2 Re4 23. h3 d4 24. Rc4 Rxe5 25. Bxc6+ bxc6 26. Rxd4+ Ke8 27. Rdf4 Re3 28. Bxg7 Rxa3 29. h4 Bd6 30. R4f6 Rg3+ 31. Kf2 Rxg4 32. Bh6 R4g6 33. Bg5 Rxf6+ 34. Rxf6 Rf8 35. Rxf8+ Kxf8 36. Bd2 Kf7 37. Kf3 Kg6 38. Kg4 h5+ 39. Kf3 Kf5 40. Bc3 Be7 41. Be1 e5 42. Bf2 e4+ 43. Kg3 Bd6+ 44. Kg2 b5 45. Be1 Ke5 0-1

[Event "St Andrew's Masters"]
[Site "Dublin"]
[Date "2018.09.23"]
[Round "6.1"]
[White "Brady, Stephen"]
[Black "Haque, Mustakim Ul"]
[Result "1-0"]
[WhiteElo "2300"]
[BlackElo "1956"]
[PlyCount "57"]
[EventDate "2018.09.21"]
[EventType "tourn"]
[EventRounds "5"]
[EventCountry "IRL"]
[SourceTitle "EXT 2023"]
[Source "ChessBase"]
[SourceDate "2022.10.05"]
[SourceVersion "1"]
[SourceVersionDate "2022.10.05"]
[SourceQuality "1"]

1. e4 c5 2. c3 Nf6 3. e5 Nd5 4. d4 e6 5. Nf3 Nc6 6. c4 Nc7 7. d5 exd5 8. cxd5 Nb4 9. Nc3 d6 10. a3 Nba6 11. Bf4 Be7 12. exd6 Bxd6 13. Qa4+ Kf8 14. Be2 Qe7 15. 0-0-0 Bd7 16. Qe4 Re8 17. Ng5 Kg8 18. Bxd6 Qxd6 19. Qf3 Qg6 20. h4 Qf5 21. d6 h6 22. dxc7 hxg5 23. Qxf5 Bxf5 24. Bxa6 bxa6 25. Rd8 Kf8 26. Rhd1 Rxh4 27. Rxe8+ Kxe8 28. Rd8+ Ke7 29. Nd5+ 1-0

[Event "St Andrew's Masters"]
[Site "Dublin"]
[Date "2018.09.22"]
[Round "2.1"]
[White "Haque, Mustakim Ul"]
[Black "Scallan, Fiachra"]
[Result "1/2-1/2"]
[WhiteElo "1956"]
[BlackElo "1902"]
[PlyCount "49"]
[EventDate "2018.09.21"]
[EventType "tourn"]
[EventRounds "5"]
[EventCountry "IRL"]
[SourceTitle "EXT 2023"]
[Source "ChessBase"]
[SourceDate "2022.10.05"]
[SourceVersion "1"]
[SourceVersionDate "2022.10.05"]
[SourceQuality "1"]

1. c4 Nf6 2. Nc3 e5 3. g3 d5 4. cxd5 Nxd5 5. Bg2 Nb6 6. Nf3 Nc6 7. 0-0 Be7 8. d3 0-0 9. Bd2 Bf5 10. Rc1 Qd7 11. a3 Bh3 12. Ne4 Bxg2 13. Kxg2 f6 14. Nc5 Bxc5 15. Rxc5 Qd6 16. b4 Rfe8 17. Qb3+ Kh8 18. Rfc1 Rac8 19. b5 Nd8 20. Bb4 Qd7 21. a4 Ne6 22. R5c2 Nd5 23. Bd2 Ne7 24. Qc4 Nd5 25. Bb4 1/2-1/2

[Event "Dhaka Powertec op-B"]
[Site "Dhaka"]
[Date "2017.07.20"]
[Round "6"]
[White "Haque, Mustakim Ul"]
[Black "Aritra, Ganguly"]
[Result "0-1"]
[WhiteElo "1900"]
[BlackElo "1344"]
[PlyCount "50"]
[EventDate "2017.07.15"]
[EventType "swiss"]
[EventRounds "9"]
[EventCountry "BAN"]
[SourceTitle "EXT 2018"]
[Source "ChessBase"]
[SourceDate "2017.10.13"]
[SourceVersion "1"]
[SourceVersionDate "2017.10.13"]
[SourceQuality "1"]

1. d4 d5 2. Nf3 Nf6 3. c4 c6 4. Nc3 e6 5. cxd5 exd5 6. Qc2 Na6 7. a3 Bd6 8. Bg5 Nc7 9. e3 0-0 10. Bd3 h6 11. Bh4 Nce8 12. b4 Qc7 13. Bg3 Bxg3 14. hxg3 Nd6 15. Ne5 Ng4 16. Nxd5 Qd8 17. Nf4 Qf6 18. Qa2 Nxe5 19. dxe5 Qxe5 20. Ng6 Qc3+ 21. Ke2 Be6 22. Ne7+ Kh8 23. Qc2 Qxc2+ 24. Bxc2 Rfe8 25. Rad1 Rad8 0-1

[Event "Dhaka Powertec op-B"]
[Site "Dhaka"]
[Date "2017.07.19"]
[Round "5"]
[White "Ahmed, Sk Raju"]
[Black "Haque, Mustakim Ul"]
[Result "0-1"]
[WhiteElo "1813"]
[BlackElo "1900"]
[PlyCount "78"]
[EventDate "2017.07.15"]
[EventType "swiss"]
[EventRounds "9"]
[EventCountry "BAN"]
[SourceTitle "EXT 2018"]
[Source "ChessBase"]
[SourceDate "2017.10.13"]
[SourceVersion "1"]
[SourceVersionDate "2017.10.13"]
[SourceQuality "1"]

1. d4 Nf6 2. c4 e6 3. a3 a5 4. Nc3 d5 5. Bg5 Be7 6. e3 0-0 7. h3 b6 8. Nf3 Bb7 9. Rc1 Na6 10. Bf4 Bd6 11. Bxd6 Qxd6 12. cxd5 exd5 13. Bd3 Ne4 14. g4 Rae8 15. Rg1 f5 16. Ne5 c5 17. f4 cxd4 18. exd4 Qh6 19. Qf3 fxg4 20. Rxg4 Bc8 21. Ne2 Bxg4 22. hxg4 Qh4+ 23. Kd1 Nb8 24. Bxe4 dxe4 25. Qxe4 Qxg4 26. Kd2 Qe6 27. Rh1 g6 28. d5 Rd8 29. Nc3 Qf5 30. Ke3 Rde8 31. d6 Nd7 32. Qxf5 Rxf5 33. Nd5 Nxe5 34. Ne7+ Rxe7 35. dxe7 Nc4+ 36. Kd4 Nd6 37. Re1 Kf7 38. b4 Rh5 39. Re5 Rxe5 0-1

[Event "Dublin Masters"]
[Site "Dublin"]
[Date "2016.09.09"]
[Round "1"]
[White "Li, Henry"]
[Black "Haque, Mustakim Ul"]
[Result "1-0"]
[WhiteElo "2200"]
[BlackElo "1865"]
[PlyCount "41"]
[EventDate "2016.09.08"]
[EventType "swiss"]
[EventRounds "5"]
[EventCountry "IRL"]
[SourceTitle "EXT 2023"]
[Source "ChessBase"]
[SourceDate "2022.10.05"]
[SourceVersion "1"]
[SourceVersionDate "2022.10.05"]
[SourceQuality "1"]

1. e4 c6 2. d4 d5 3. exd5 cxd5 4. c4 Nc6 5. Nc3 Nf6 6. Bg5 Ne4 7. Nxe4 dxe4 8. d5 Nb8 9. Qd4 Bf5 10. Ne2 Qd6 11. Bf4 Qb4+ 12. Bd2 Qd6 13. Bf4 Qb4+ 14. Bd2 Qd6 15. c5 Qf6 16. Qxf6 gxf6 17. Ng3 Bg6 18. Bb5+ Kd8 19. Rc1 a6 20. Ba4 Nd7 21. Ba5+ 1-0

[Event "Daventry Robinson Cup U14"]
[Site "Daventry"]
[Date "2016.07.19"]
[Round "5.2"]
[White "Haque, Mustakim Ul"]
[Black "Onslow, Alfie"]
[Result "1-0"]
[WhiteElo "1839"]
[BlackElo "1731"]
[PlyCount "65"]
[EventDate "2016.07.18"]
[EventType "team-schev"]
[EventRounds "5"]
[EventCountry "ENG"]
[SourceTitle "EXT 2020"]
[Source "ChessBase"]
[SourceDate "2019.10.17"]
[SourceVersion "1"]
[SourceVersionDate "2019.10.17"]
[SourceQuality "1"]
[WhiteTeam "Ireland"]
[BlackTeam "England"]
[WhiteTeamCountry "IRL"]
[BlackTeamCountry "ENG"]

1. d4 Nf6 2. c4 c5 3. d5 b5 4. cxb5 a6 5. bxa6 g6 6. Nc3 Bxa6 7. e4 Bxf1 8. Kxf1 d6 9. g3 Bg7 10. Kg2 0-0 11. Nf3 Nbd7 12. Qc2 Qa5 13. h3 Rfb8 14. Rb1 Nb6 15. Bg5 Nc4 16. Nd2 Nxd2 17. Bxd2 Nd7 18. a3 c4 19. Ne2 Qa6 20. Bc3 Ne5 21. f4 Nd3 22. Bxg7 Kxg7 23. Qc3+ f6 24. Nd4 Rb7 25. Rhd1 Rab8 26. b4 Ra8 27. Ra1 Rc8 28. Rxd3 cxd3 29. Qxc8 d2 30. Ne6+ Kh6 31. Qf8+ Kh5 32. g4+ Kh4 33. Qh6# 1-0

[Event "IRL-chT"]
[Site "Dublin"]
[Date "2016.04.23"]
[Round "1"]
[White "Murray, David"]
[Black "Haque, Mustakim Ul"]
[Result "1-0"]
[WhiteElo "2124"]
[BlackElo "1747"]
[PlyCount "91"]
[EventDate "2016.04.23"]
[EventType "team-swiss"]
[EventRounds "4"]
[EventCountry "IRL"]
[SourceTitle "EXT 2023"]
[Source "ChessBase"]
[SourceDate "2022.10.05"]
[SourceVersion "1"]
[SourceVersionDate "2022.10.05"]
[SourceQuality "1"]

1. e4 c6 2. d4 d5 3. e5 c5 4. c4 Nc6 5. Nf3 cxd4 6. Nxd4 Nxe5 7. cxd5 a6 8. Nc3 Nf6 9. Qa4+ Bd7 10. Qb3 b5 11. Be2 Qb6 12. Be3 Neg4 13. 0-0 Qd6 14. g3 Nxe3 15. fxe3 b4 16. Na4 Nxd5 17. Rad1 Qe5 18. Nb6 Qxe3+ 19. Qxe3 Nxe3 20. Nxa8 Nxf1 21. Bxf1 e5 22. Nb3 a5 23. Nc7+ Kd8 24. Bb5 Kxc7 25. Rxd7+ Kb6 26. Ba4 f6 27. Kg2 g6 28. Rd5 Be7 29. Rb5+ Ka6 30. Rxa5+ Kb6 31. Rb5+ Ka6 32. Nc5+ Bxc5 33. Rxc5 Rd8 34. Kf3 Rd2 35. Rc2 Rd4 36. Ke3 f5 37. Bb3 Kb5 38. Rd2 Re4+ 39. Kf2 h5 40. Bd5 Rg4 41. h3 Rg5 42. h4 Rg4 43. Bf3 Rc4 44. Be2 Kc5 45. Bxc4 Kxc4 46. Rd6 1-0